HUMAN resource management gaining a competitive advantage/

Na minha lista:
Detalhes bibliográficos
Formato: Livro
Idioma:inglês
Publicado em: McGraw-Hill 2015.
Tags: Adicionar Tag
Sem tags, seja o primeiro a adicionar uma tag!

MARC

LEADER 00000nam a22000007a 4500
008 201221b ||||| |||| 00| 0 eng d
020 |a ISBN: 978-0077164-12-6 
245 |a HUMAN resource management  |b gaining a competitive advantage/  |c Raymond A. Noe… [et al.]  |g  xliv, 787p.; ill. . 
250 |b 9th ed. 
260 |b McGraw-Hill   |c  2015.  |i 689431   |l HF5549.2 .U5H88  |m Personnel management – United States 
500 |a “It includes index and references”. 
942 |a lcc  |c BK  |e Olagoke, M.A  |f 21/12/2020 
952 |0 0  |1 0  |2 lcc  |4 0  |6 HF55492 U5 H88  |7 0  |9 977  |a HOL  |b HOL  |c GJ  |d 2020-12-21  |l 0  |o HF5549.2 .U5H88  |p 2020-230203  |r 2020-12-21 00:00:00  |w 2020-12-21  |y BK 
999 |c 502  |d 502